| 000 | 01258cad a22002055a 4500 | ||
|---|---|---|---|
| 001 | L153436 | ||
| 008 | 110726s2011 xxk f 000 0 eng d | ||
| 020 | _a9781847542229 | ||
| 035 | _a(Sirsi) u153436 | ||
| 041 | 0 | _aeng | |
| 110 | 2 |
_aNatural England _95071 |
|
| 245 | 0 | 0 |
_aEnvironmental Impact Assessment (Agriculture) (England) (No. 2) Regulations 2006 public guidance _bconsultation draft _h[electronic resource] |
| 260 |
_a[S.l.] _bNatural England _c2011 |
||
| 520 | _aThese regulations came into force in October 2006 and offer guidance for farmers, other land managers and owners. They have been updated as part of Natural England's regular review of external guidance as part of the text has been amended to clarify some matters in the five years since the Regulations have been in force. Natural England is keen to receive feedback on the guidance which should be given by 14 October 2011. | ||
| 590 | _aKA | ||
| 651 | 4 |
_aEngland _y886- |
|
| 690 | _aENVIRONMENTAL AND LAND CONSULTANCY-ENVIRONMENTAL MANAGEMENT-ENVIRONMENTAL ASSESSMENT-ENVIRONMENTAL IMPACT ASSESSMENT | ||
| 856 | 4 | 0 |
_uhttps://www.naturalengland.org.uk/Images/EIAGuidanceConsultationDraft_tcm6-27339.pdf _zView the guidance free of charge at www.naturalengland.org.uk |
| 942 | _n0 | ||
| 999 |
_c112518 _d112518 |
||